[Event "Mitropa Cup Open 2019"]
[Site "Radenci"]
[Date "2019.05.28"]
[Round "2.7"]
[White "Studer, Noel"]
[Black "Repka, Christopher"]
[Result "0-1"]
[WhiteElo "2517"]
[BlackElo "2482"]
[Annotator "RC"]
[PlyCount "66"]
[EventDate "2019.05.27"]
[EventType "team-tourn"]
[EventCountry "SLO"]
[SourceTitle "playchess.com"]
[Source "ChessBase"]
[SourceQuality "1"]
[WhiteTeam "Switzerland"]
[BlackTeam "Slovakia"]
[WhiteTeamCountry "SUI"]
[BlackTeamCountry "SVK"]
[TimeControl "40/5400+30:1800+30"]

1. c4 {[%emt 0:00:00]} e6 {[%emt 0:00:08]} 2. g3 {[%emt 0:00:00]} d5 {[%emt 0:00:22]} 3. Bg2 {[%emt 0:00:00]} a6 {[%emt 0:00:42]} 4. Qb3 {[%emt 0:13:08]} Nf6 {[%emt 0:01:52]} 5. d4 {[%emt 0:01:33]} c5 {[%emt 0:08:05]} 6. cxd5 {[%emt 0:11:37]} exd5 {[%emt 0:00:12]} 7. Bg5 {[%emt 0:00:03]} Nc6 {[%emt 0:06:04]} 8. Bxf6 {[%emt 0:13:52]} Qxf6 {[%emt 0:00:21]} 9. Bxd5 {[%emt 0:00:17]} Nxd4 {[%emt 0:01:04]} 10. Qd3 {[%emt 0:01:05]} Bf5 {[%emt 0:13:42]} 11. e4 {[%emt 0:04:48]} Bg4 {[%emt 0:00:39]} 12. Nc3 {[%emt 0:01:16]} Rd8 {[%emt 0:00:38]} 13. Rc1 {[%emt 0:03:56]} b5 {[%emt 0:11:36]} 14. b3 {[%emt 0:06:55]} c4 {[%emt 0:02:03]} 15. bxc4 {[%emt 0:06:48]} Ba3 {[%emt 0:00:33]} 16. Rb1 {[%emt 0:04:19]} bxc4 {[%emt 0:00:55]} 17. Qxc4 {[%emt 0:00:47]} Rc8 {[%emt 0:05:55]} 18. Qa4+ {[%emt 0:05:19]} Bd7 {[%emt 0:10:46]} 19. Bxf7+ {[%emt 0:00:20]} Qxf7 {[%emt 0:00:04]} 20. Qxd4 {[%emt 0:00:04]} O-O {[%emt 0:00:06]} 21. f4 {[%emt 0:02:15]} Rc4 {[%emt 0:03:44]} 22. Qd3 {[%emt 0:00:38]} Bb4 {[%emt 0:00:57]} 23. Rxb4 {[%emt 0:11:00]} Rxb4 {[%emt 0:00:05]} 24. Nf3 {[%emt 0:00:02]} Bb5 {[%emt 0:01:44]} 25. Qd2 {[%emt 0:00:09]} Rb8 {[%emt 0:10:07]} 26. Ne5 {[%emt 0:05:01]} Qe6 {[%emt 0:03:15]} 27. Kf2 {[%emt 0:03:14]} Bc6 {[%emt 0:08:46]} 28. Rc1 {[%emt 0:00:08]} Bxe4 {[%emt 0:00:57]} 29. Nxe4 {[%emt 0:00:13]} Rb2 {[%emt 0:00:24]} 30. Rc2 {[%emt 0:02:11]} Qxa2 {[%emt 0:00:04]} 31. Kf3 {[%emt 0:00:12]} Rxc2 {[%emt 0:00:31]} 32. Qd6 {[%emt 0:00:03]} Re8 {[%emt 0:03:36]} 33. f5 {[%emt 0:00:34]} Qa5 {[%emt 0:01:02]} 0-1

[Event "Mitropa Cup Open 2019"]
[Site "Radenci"]
[Date "2019.05.28"]
[Round "2.8"]
[White "Sahidi, Samir"]
[Black "Stijve, Theo"]
[Result "1/2-1/2"]
[WhiteElo "2400"]
[BlackElo "2310"]
[Annotator "TA"]
[PlyCount "120"]
[EventDate "2019.05.27"]
[EventType "team-tourn"]
[EventCountry "SLO"]
[SourceTitle "playchess.com"]
[Source "ChessBase"]
[SourceQuality "1"]
[WhiteTeam "Slovakia"]
[BlackTeam "Switzerland"]
[WhiteTeamCountry "SVK"]
[BlackTeamCountry "SUI"]

{[%evp 10,120,4,-13,37,19,36,29,43,17,25,29,39,35,30,29,52,67,62,54,54,52,68,76,69,74,76,72,72,65,91,81,79,79,116,105,105,114,110,104,115,104,121,91,91,87,100,104,102,114,102,77,77,68,92,92,92,84,84,81,73,84,84,84,84,84,84,81,96,84,90,81,98,89,118,81,111,75,75,75,75,75,75,75,75,75,75,75,75,75,75,75,75,75,75,75,75,75,75,0,0,0,0,0,0,0,0,0,0,0,0,0,0]} 1. d4 Nf6 2. c4 g6 3. Nf3 Bg7 4. Nc3 d5 5. g3 c6 6. Bg2 Ne4 {D73: Fianchetto Grünfeld: 5 Nf3} (6... O-O 7. cxd5 cxd5 8. Ne5 Bf5 9. O-O Ne4 10. g4 Nxc3 11. bxc3 Be6 12. h3 Nd7 13. f4 Nb6 14. f5 Bd7 15. e4 Bb5 16. Re1 dxe4 17. Bxe4 Rc8 {1-0 (30) Skoberne,J (2560)-Antal,G (2525) Austria 2015}) 7. cxd5 Nxc3 8. bxc3 cxd5 {White has an edge.} 9. Qa4+ $146 ({Predecessor:} 9. O-O O-O 10. Qb3 Nc6 11. e3 Na5 12. Qb4 Bf5 13. a4 b6 14. Ba3 Re8 15. Rfc1 Rc8 16. Nd2 Bd3 17. Bf1 Bxf1 18. Kxf1 {1-0 (52) Wang,D (2191)-Ren,X (2254) Shenzhen 2017}) 9... Nc6 10. Ne5 O-O 11. Nxc6 bxc6 12. Qxc6 Be6 13. Qa6 Qc7 14. Bd2 Rab8 15. O-O Rb2 16. Rfd1 Rc8 17. Rab1 Rcb8 18. Rxb2 Rxb2 19. Bf3 Qb8 20. Bf4 Qb6 21. Qxb6 axb6 22. a4 Rb3 23. Bc7 h5 24. Kg2 Bf6 25. h4 Kf8 26. a5 bxa5 27. Bxa5 Ra3 28. Bb4 Ra2 29. Rb1 Kg7 30. Rb3 Rc2 31. Ra3 Rb2 32. Ra5 Bxd4 33. Ba3 ({Don't play} 33. Bxd5 $6 Bb6 $11) 33... Bb6 34. Bxb2 Bxa5 $16 {[%mdl 4096] Endgame KBB-KBB} 35. c4+ $1 f6 36. cxd5 Bd7 37. Ba3 Kf7 38. e4 Bb5 39. Bd1 Bd3 40. f3 Bc4 41. Bc5 f5 42. Ba4 Bc7 43. Bd4 fxe4 44. fxe4 e6 45. Bc6 exd5 46. Bxd5+ Bxd5 47. exd5 {KB-KB} Ke7 48. Kf3 Bd6 49. Be3 Be5 50. Bf4 Bc3 51. Ke4 Bg7 52. Be5 Bh6 53. Kf3 Bd2 54. g4 (54. Ke2 $16 Bb4 55. Kd3) 54... Be1 $1 $11 {The position is equal.} 55. Bg3 Bxg3 $1 56. Kxg3 Kd6 57. gxh5 gxh5 58. Kf4 {[#] Threatening mate with Kg5.} Kxd5 59. Kg5 Ke6 60. Kxh5 {White threatens Kg6 and mate.} Kf7 {Accuracy: White = 69%, Black = 53%.} 1/2-1/2

[Event "Mitropa Cup Open 2019"]
[Site "Radenci"]
[Date "2019.05.28"]
[Round "2.9"]
[White "Sebenik, Matej"]
[Black "Travadon, Loic"]
[Result "1/2-1/2"]
[WhiteElo "2522"]
[BlackElo "2441"]
[Annotator "TA"]
[PlyCount "139"]
[EventDate "2019.05.27"]
[EventType "team-tourn"]
[EventCountry "SLO"]
[SourceTitle "playchess.com"]
[Source "ChessBase"]
[SourceQuality "1"]
[WhiteTeam "Slovenia"]
[BlackTeam "France"]
[WhiteTeamCountry "SLO"]
[BlackTeamCountry "FRA"]

{[%evp 10,139,24,20,23,18,26,26,26,26,23,23,32,24,25,9,35,29,49,33,50,29,27,29,68,31,103,65,65,65,63,64,86,49,54,53,51,43,53,53,62,45,61,20,16,20,19,42,6,25,101,22,30,21,30,41,41,7,9,7,53,52,62,43,43,43,43,49,49,28,139,0,0,0,0,0,43,43,43,43,43,43,50,50,50,50,146,94,140,59,230,62,90,89,805,806,810,797,781,548,693,667,606,491,780,0,693,0,453,420,389,166,781,739,1410,693,588,0,0,0,0,0,0,0,0,0,0,0,0,0,0,0]} 1. Nf3 Nf6 2. c4 e6 3. g3 b6 4. Bg2 Bb7 5. O-O g6 6. d4 Bg7 {E16: Queen's Indian: 4 g3 Bb7 5 Bg2 Bb4+} 7. Bf4 O-O (7... d6 8. Qc2 O-O 9. Nc3 Nc6 10. Rad1 Qe7 11. Rfe1 Nxd4 12. Nxd4 Bxg2 13. Kxg2 e5 14. Be3 exd4 15. Bxd4 {1-0 (59) Wei,Y (2733)-Howell,D (2693) Astana 2019}) 8. Nc3 d5 {White has an edge.} 9. Ne5 Nbd7 10. Qa4 Nxe5 11. Bxe5 c6 $146 ({Predecessor:} 11... c5 12. dxc5 bxc5 13. Rad1 Qd7 14. Qxd7 Nxd7 15. Bxg7 Kxg7 16. cxd5 exd5 17. Bxd5 Bxd5 18. Rxd5 {1-0 (29) Andrukov,D (2070)-Shmarin,A Rybinsk 2008}) 12. e3 a6 13. Qb3 a5 14. cxd5 exd5 15. Rfd1 Ba6 16. Rac1 Bc4 17. Qc2 Nh5 ({Black should try} 17... Re8 $14) 18. b3 Ba6 19. Bxg7 Nxg7 20. e4 {[%cal Re4d5]} Rc8 21. Bh3 f5 22. exd5 cxd5 23. Re1 Bb7 24. Qd2 Re8 25. Bg2 Qd7 26. Re5 Rxe5 27. dxe5 Ne6 28. Ne2 Rxc1+ 29. Qxc1 Kg7 (29... Ba6 $11) 30. Qd2 (30. Nf4 $16) 30... Qc7 $1 $11 31. Qc3 Qxc3 32. Nxc3 {[%mdl 4096] Endgame KBN-KBN} d4 33. Nb5 Ba6 34. Bf1 Bxb5 35. Bxb5 {KB-KN} Nc5 36. f4 Ne4 37. Bd3 Kf7 38. Kf1 Ke7 39. Bc4 a4 (39... Nc3 $11 {keeps the balance.}) 40. Ke2 (40. Ke1 $1 $16) 40... b5 $1 {[%cal Rb5c4]} 41. Bg8 {And now Kd3 would win.} Kf8 $1 42. bxa4 bxa4 (42... Kxg8 {is more complex.} 43. axb5 Nc5 44. b6 Kf8 45. b7 Nxb7 46. Kd3 Ke7) 43. Bc4 {Hoping for Kd3.} Nc5 $1 44. a3 Ke7 45. h3 h5 46. Kf3 Ne4 {White must now prevent ...Nd2+.} 47. Bb5 Nc3 {[#]} (47... Nc5 $14) 48. Bd3 $1 $16 Nd5 {[#]} 49. Bc2 (49. g4 $1 $16 {[%cal Rg4f5]} fxg4+ 50. hxg4) 49... Nb6 $2 (49... Nc3 $14) 50. g4 $2 (50. Ke2 $18) 50... hxg4+ 51. hxg4 Ke6 $2 {[%mdl 8192]} (51... fxg4+ $16 52. Kxg4 Nc4 53. Bxg6 (53. Bxa4 d3 $11) 53... Nxa3) 52. gxf5+ $18 gxf5 53. Bd3 Nd7 54. Ba6 Nb6 55. Ke2 Ke7 56. Bd3 Ke6 (56... Nd5 $142 57. Kf3 (57. Bxf5 Nxf4+ 58. Kf3 Nd5 $11) 57... Ne3) 57. Kf3 Nd7 $1 58. Ba6 Nb6 59. Kf2 Ke7 60. Bd3 (60. Bb5 $142 Nd5 61. Kf3) 60... Ke6 $2 (60... Nd5) 61. Ke2 Kd5 62. Bxf5 Nc4 63. Bd3 $2 ({Better is} 63. Bg6 $18 Nxa3 64. Kd3) 63... Nxa3 $11 {The position is equal.} 64. Kd2 {Kc1 is the strong threat.} Nc4+ 65. Bxc4+ Kxc4 66. e6 {White wants to mate with e7.} a3 67. e7 a2 68. e8=Q {White threatens Qg8+ and mate.} a1=Q 69. Qc6+ Kb4 70. Qb6+ {Accuracy: White = 53%, Black = 41%.} 1/2-1/2

[Event "Mitropa Cup Open 2019"]
[Site "Radenci"]
[Date "2019.05.28"]
[Round "2.10"]
[White "Joie, Sebastien"]
[Black "Markoja, Boris"]
[Result "1-0"]
[WhiteElo "2425"]
[BlackElo "2441"]
[Annotator "TA"]
[PlyCount "119"]
[EventDate "2019.05.27"]
[EventType "team-tourn"]
[EventCountry "SLO"]
[SourceTitle "playchess.com"]
[Source "ChessBase"]
[SourceQuality "1"]
[WhiteTeam "France"]
[BlackTeam "Slovenia"]
[WhiteTeamCountry "FRA"]
[BlackTeamCountry "SLO"]

{[%evp 13,119,4,-5,-87,-92,0,42,50,54,23,16,8,14,14,18,14,17,-8,0,-14,0,0,0,0,0,0,0,0,0,-2,0,0,24,16,24,22,19,21,26,26,97,98,87,93,92,92,90,74,73,78,87,81,80,87,87,87,87,87,117,83,87,83,117,78,87,10,10,12,17,18,236,37,37,36,1310,1295,29973,29972,5081,1303,1295,1295,29965,29966,29968,29969,29969,29970,29967,29967,29967,29966,29957,29959,6111,4686,29978,29979,29979,29980,29980,29981,29982,29983,29984,29985,29985,29986]} 1. c4 e6 2. d4 Nf6 3. Nc3 Bb4 4. Qc2 O-O 5. e4 d5 6. e5 Ne4 7. Bd3 c5 $1 {[%cal Rc5d4]} 8. Nf3 {E32: Nimzo-Indian: Classical (4 Qc2): 4...0-0} (8. cxd5 $11 {remains equal.} exd5 9. Nf3) 8... cxd4 $17 9. Nxd4 ({Only move:} 9. a3 $17 Nc6 10. O-O dxc3 11. axb4 Nxb4 12. Qb1) 9... Bxc3+ 10. bxc3 {White is slightly better.} Nd7 11. Bf4 Ndc5 12. O-O Nxd3 13. Qxd3 b6 14. cxd5 {[#]} exd5 $146 ({Predecessor:} 14... Qxd5 15. Rfd1 Nc5 {½-½ (49) Morozevich,A (2770)-Karjakin,S (2779) Astana 2012}) 15. Rad1 Qd7 16. Ne2 Qc6 17. f3 ({Reject} 17. Qxd5 Qxd5 18. Rxd5 Ba6 $17) 17... Nc5 18. Qxd5 Qxd5 19. Rxd5 Ba6 20. Rd2 Rac8 21. Be3 Na4 22. Rc1 Bxe2 23. Rxe2 Rxc3 24. Rxc3 Nxc3 $11 {[%mdl 4096] Endgame KRB-KRN} 25. Rd2 Rc8 26. Rd7 Nb5 (26... Nxa2 $11 {keeps the balance.} 27. Rxa7 Nb4) 27. a4 $16 Nc7 28. e6 Nxe6 29. Rxa7 Rb8 30. Ra6 Nc5 31. Bxc5 $1 bxc5 {KR-KR} 32. Rc6 g6 33. Rxc5 Rb2 34. a5 Ra2 35. h4 h5 36. Kh2 Kf8 37. Kh3 Ra3 38. Kg3 Ra2 39. Kf4 (39. Rc8+ $16 Ke7 40. Ra8) 39... Rxg2 $11 40. Ke5 {Kf6 is the strong threat.} Kg7 41. Kd6 f6 $2 (41... Rh2 $11) 42. Kc7 $2 ({White must play} 42. f4 $1 $18) 42... g5 $1 $14 43. a6 {[%cal Ba5a6,Ba6a7][%mdl 32] Black must now prevent a7.} g4 $2 {[%mdl 8192]} (43... Ra2 $14 44. Kb6 (44. hxg5 Rxa6 45. gxf6+ Kg6 $17) 44... gxh4) 44. fxg4 $18 hxg4 45. a7 Ra2 46. Kb6 (46. Kb7 $142 g3 47. Rc3 Rb2+ 48. Kc8) 46... g3 47. Rc3 $1 {[%cal Rc3g3]} Kh6 48. Rxg3 Rb2+ 49. Kc7 Ra2 50. Kb7 Rb2+ 51. Ka8 Kh5 52. Rf3 ({Not} 52. Ra3 Kxh4 53. Ra5 Kg4 $11) 52... Rb6 {[#]} 53. Rf4 $1 {[%cal Rf4e4]} Kg6 54. Rg4+ Kh5 55. Rg8 {White mates.} Kxh4 {[#]} 56. Rb8 $1 Ra6 57. Kb7 Rxa7+ 58. Kxa7 f5 59. Kb6 f4 60. Kc5 {Accuracy: White = 60%, Black = 43%.} 1-0

[Event "Mitropa Cup Open 2019"]
[Site "Radenci"]
[Date "2019.05.28"]
[Round "2.11"]
[White "Janzelj, Tim"]
[Black "Di Nicolantonio, Lucas"]
[Result "1/2-1/2"]
[WhiteElo "2384"]
[BlackElo "2379"]
[Annotator "TA"]
[PlyCount "113"]
[EventDate "2019.05.27"]
[EventType "team-tourn"]
[EventCountry "SLO"]
[SourceTitle "playchess.com"]
[Source "ChessBase"]
[SourceQuality "1"]
[BlackTeam "France"]
[BlackTeamCountry "FRA"]

{[%evp 9,113,12,19,8,21,26,29,0,2,-10,0,-3,31,-17,-25,-29,-5,0,-12,-25,-25,-26,-20,-14,43,37,56,-52,7,0,0,-23,-29,-35,-32,-70,-66,-74,-68,-95,-77,-103,-94,-106,-83,-96,-94,-92,-92,-94,-53,-103,-60,-75,-83,-135,-8,-8,-8,-8,-8,-8,0,0,0,0,0,-8,-8,-8,-8,-8,0,-10,-10,-51,-8,-8,0,0,0,0,0,0,0,0,0,0,0,0,0,0,0,0,0,0,0,0,0,0,0,0,0,0,0,0]} 1. Nf3 d5 2. c4 c6 3. b3 Nf6 4. Bb2 e6 5. g3 Bd6 (5... a5 6. Nc3 d4 7. Nb1 c5 8. Bg2 Nc6 9. d3 e5 10. O-O Bd6 11. Na3 O-O 12. Nb5 Bb8 13. e3 {0-1 (33) Edouard,R (2659)-Tregubov,P (2607) Bastia 2014}) 6. Bg2 {A13: English Opening: 1...e6} O-O 7. O-O Qe7 8. d3 {White has an edge.} e5 9. Nbd2 Bg4 10. h3 Bh5 11. e4 $146 ({Predecessor:} 11. Qc2 Nbd7 12. e4 dxe4 {1-0 (53) Franke,L (2157)-Reddmann,H (2335) Hamburg 2008}) 11... dxe4 12. dxe4 Nbd7 13. Qc2 Ba3 14. Nh4 Bxb2 15. Qxb2 Nc5 16. Nf5 Qc7 (16... Qe6 $11) 17. b4 $1 $14 {[%cal Rb4c5]} Ne6 18. f4 ({White should play} 18. c5 $14) 18... Rad8 (18... exf4 $15 19. e5 Bg6) 19. fxe5 Nd7 20. c5 Qxe5 21. Qxe5 Nxe5 22. Nb3 Rd7 23. Nd6 {Strongly threatening Rf5.} f6 24. g4 Bg6 25. Rfd1 Rfd8 26. Rd2 h5 27. Kf2 hxg4 28. hxg4 b6 29. Rad1 bxc5 ({Of course not} 29... Nxg4+ $6 30. Kg3 $11) (29... Rb8 {keeps more tension.} 30. Kg3 Bf7 31. cxb6 axb6 32. Nc4 Rxd2 33. Nbxd2 Rd8) 30. bxc5 a5 {[%mdl 64] And now ...a4 would win. Deflection} ({Don't play} 30... Nxg4+ $6 31. Kg3 $11) (30... Kf8 {is more complex.} 31. Kg3 Bf7 32. Bf1 Rb8 33. Nxf7 Rxd2 34. Nxd2 Nxf7 35. Bc4 Nxc5 36. Bxf7 Kxf7 37. Rc1 Rb5) 31. Nxa5 Nxc5 32. Nac4 {[#]} ({Better is} 32. Ndc4) 32... Nxc4 (32... Ncd3+ $1 $17 {[%mdl 512]} 33. Ke2 (33. Rxd3 Nxc4) 33... Nxc4 {[%mdl 64] Overworked Piece} 34. Nxc4 Bf7) 33. Nxc4 $11 Rxd2+ 34. Rxd2 Ra8 35. e5 Ne4+ 36. Bxe4 $1 Bxe4 37. exf6 gxf6 {[%mdl 4096] Endgame KRB-KRN} 38. Ke3 Bd5 39. Nb6 Ra3+ 40. Kd4 Bxa2 41. Kc5 Be6 42. Rg2 Rc3+ 43. Kd6 {The position is equal.} Bb3 44. g5 Kg7 45. gxf6+ Kxf6 46. Rf2+ Kg5 47. Rf8 Bc2 48. Rc8 Be4 49. Ke5 Bg6 50. Kd6 Be4 51. Ke5 Bf5 52. Rg8+ Bg6 53. Nd7 Kh6 54. Kd6 Bf7 55. Rc8 Bd5 56. Ne5 Kg5 57. Nxc6 {Accuracy: White = 59%, Black = 42%.} 1/2-1/2

[Event "Mitropa Cup Open 2019"]
[Site "Radenci"]
[Date "2019.05.28"]
[Round "2.12"]
[White "Eugene, Floryan"]
[Black "Subelj, Jan"]
[Result "0-1"]
[WhiteElo "2303"]
[BlackElo "2407"]
[Annotator "TA"]
[PlyCount "70"]
[EventDate "2019.05.27"]
[EventType "team-tourn"]
[EventCountry "SLO"]
[SourceTitle "playchess.com"]
[Source "ChessBase"]
[SourceQuality "1"]
[WhiteTeam "France"]
[BlackTeam "Slovenia"]
[WhiteTeamCountry "FRA"]
[BlackTeamCountry "SLO"]

{[%evp 14,70,9,8,11,0,10,0,-2,-20,-12,-25,-42,-60,-50,-149,-149,-117,-127,-201,-203,-281,-264,-276,-224,-251,-213,-215,-174,-384,-148,-140,-156,-129,-127,-125,-123,-115,-112,-168,-162,-259,-250,-250,-246,-239,-195,-192,-189,-196,-194,-652,-643,-594,-575,-556,-558,-29993,-29994]} 1. e4 e5 2. Nf3 Nc6 3. Bc4 Bc5 4. O-O Nf6 5. d3 d6 6. c3 h6 7. Re1 O-O 8. h3 a5 {C54: Giuoco Piano: 4 c3 Nf6, main lines with 5 d4 and 5 d3} 9. d4 (9. Nbd2 Be6 10. Bb5 Qb8 11. Bxc6 bxc6 12. d4 exd4 13. cxd4 Bb4 14. a3 Bxd2 15. Nxd2 {½-½ (43) Giri,A (2797)-Ding,L (2809) Shenzhen 2019}) 9... Ba7 10. Bb5 $146 ({Predecessor:} 10. Bb3 Re8 11. Bc2 Bd7 12. a3 a4 13. Be3 b5 14. Nbd2 Na5 15. Kh2 Qb8 16. Nh4 {0-1 (57) Melia,S (2404)-Muzychuk,M (2540) Caleta 2018}) 10... Bd7 {The position is equal.} 11. d5 Ne7 {[%cal Bc6e7,Be7f5,Bf5h4][%mdl 32]} 12. Bxd7 Nxd7 13. Nbd2 Nc5 14. Nc4 (14. Nb3 $15) 14... f5 $36 {[%mdl 2048] White is under strong pressure.} 15. exf5 Nxf5 16. Ne3 (16. Re2 $17 {was necessary.}) 16... Nh4 $19 17. Nh2 e4 ({Resist} 17... Qf6 18. Rf1 $19) 18. Qg4 Qf6 19. Re2 Rae8 20. Qg3 {Threatening Neg4.} h5 {aiming for ...Nd3.} ({Don't do} 20... Nd3 21. Neg4) 21. Nhg4 $2 (21. Neg4 hxg4 22. Nxg4) 21... hxg4 $2 (21... Qd8 $19 22. Nh2 Nd3) 22. Nxg4 $17 Qe7 {Strongly threatening ...Nf5.} 23. Nh6+ Kh7 24. Bg5 Qe5 25. Qxh4 gxh6 26. Bxh6 (26. Qxh6+ $17 Kg8 27. Be3) 26... Rf5 $19 {...Rh5 is the strong threat.} 27. g4 {[#]} (27. Bg5+ {is a better defense.} Kg8 28. Be3) 27... Rh5 $1 {[%cal Rh5h4][%mdl 512]} 28. gxh5 Kxh6 29. Kh1 Qxh5 30. Qf6+ {[#]} Kh7 $1 31. f3 {[#] Threatens to win with Rg1.} Nd3 $1 32. h4 $2 (32. Rf1) 32... Nf2+ 33. Kh2 {[#] If White can now play Rg1 this consolidates a bit.} Rf8 $1 {[%mdl 512]} 34. Qe7+ (34. Qxf8 Qxh4+) 34... Rf7 35. Qd8 Qxf3 {Accuracy: White = 34%, Black = 61%.} 0-1

[Event "Mitropa Cup Open 2019"]
[Site "Radenci"]
[Date "2019.05.28"]
[Round "2.13"]
[White "Dragnev, Valentin"]
[Black "Stella, Andrea"]
[Result "1-0"]
[WhiteElo "2521"]
[BlackElo "2511"]
[Annotator "RC"]
[PlyCount "35"]
[EventDate "2019.05.27"]
[EventType "team-tourn"]
[EventCountry "SLO"]
[SourceTitle "playchess.com"]
[Source "ChessBase"]
[SourceQuality "1"]
[WhiteTeam "Austria"]
[BlackTeam "Italy"]
[WhiteTeamCountry "AUT"]
[BlackTeamCountry "ITA"]
[TimeControl "40/5400+30:1800+30"]

1. d4 {[%emt 0:00:00]} Nf6 {[%emt 0:00:00]} 2. c4 {[%emt 0:00:00]} e6 {[%emt 0:00:00]} 3. Nf3 {[%emt 0:00:00]} d5 {[%emt 0:00:00]} 4. Nc3 {[%emt 0:00:37]} Be7 {[%emt 0:00:04]} 5. Bf4 {[%emt 0:03:12]} O-O {[%emt 0:00:08]} 6. e3 {[%emt 0:00:11]} b6 {[%emt 0:00:05]} 7. Qc2 {[%emt 0:03:01]} Ba6 {[%emt 0:04:02]} 8. Ne5 {[%emt 0:01:07]} dxc4 {[%emt 0:00:13]} 9. Be2 {[%emt 0:00:33]} Qc8 {[%emt 0:11:30]} 10. Nxc4 {[%emt 0:09:28]} Nd5 {[%emt 0:29:21]} 11. O-O {[%emt 0:16:46]} c5 {[%emt 0:13:23]} 12. Nd6 {[%emt 0:16:34]} Bxd6 {[%emt 0:10:59]} 13. Bxd6 {[%emt 0:01:04]} Nxc3 {[%emt 0:01:10]} 14. Bxa6 {[%emt 0:06:29]} Qxa6 {[%emt 0:01:01]} 15. Bxf8 {[%emt 0:02:58]} Ne2+ {[%emt 0:01:45]} 16. Kh1 {[%emt 0:00:06]} cxd4 {[%emt 0:02:33]} 17. Qe4 {[%emt 0:08:37]} Nc6 {[%emt 0:00:32]} 18. Bxg7 {[%emt 0:01:12]} 1-0